[Event "Lazne Bohdanec"]
[Site "Lazne Bohdanec"]
[Date "1995.??.??"]
[Round "10"]
[White "Keitlinghaus, Ludger"]
[Black "David, Pavel"]
[Result "1/2-1/2"]
[WhiteElo "2495"]
[BlackElo "2445"]
[Annotator "Bangiev,A"]
[PlyCount "33"]
[EventDate "1995.01.??"]
[EventType "tourn"]
[EventRounds "11"]
[EventCountry "CZE"]
[EventCategory "10"]
[SourceTitle "CBM 045"]
[Source "ChessBase"]
[SourceDate "1995.04.01"]
[SourceVersion "1"]
[SourceVersionDate "1995.04.01"]
[SourceQuality "1"]

1. e4 c5 2. Nc3 d6 3. Bb5+ Bd7 4. a4 Nc6 5. f4 g6 6. Nf3 Bg7 7. O-O Nf6 8. d3
O-O 9. h3 a6 10. Bxc6 Bxc6 11. a5 Ne8 12. Qe1 e6 13. Be3 Rc8 14. d4 (14. Qf2
$142 $5 {/\ e5} c4 $5 (14... Qd7 15. Nd2 $5 {/\ Nc4}) (14... f5 15. Nd2 fxe4
16. dxe4 (16. Ndxe4 Nf6 17. Nxd6 Qxd6 18. Bxc5 Qc7 19. Bxf8 Rxf8 20. Qe3 $13)
16... Nf6 17. Rfd1 {-> d6,c5}) 15. dxc4 (15. d4 f5 $13) 15... Bxc3 $5 16. bxc3
Bxe4 17. Ng5 Bc6 (17... d5 18. Qh4 h5 19. g4 $40 Ng7 20. Bd4 f6 21. Nxe4 dxe4
22. gxh5 Nxh5 23. Qg4 Kh7 24. Qxe6 f5 25. Rab1 $16) (17... Nf6 18. Bd4 Rxc4 19.
Qh4 h5 20. Rab1 Nh7 21. g4 $36) 18. Qh4 h5 19. g4 $40 (19. Bd4 Ng7) (19. f5
exf5 20. Rxf5 (20. Bd4 Ng7 21. Qg3 Ne6) 20... gxf5 21. Qxh5 Nf6 22. Qh6 Re8 23.
Bd4 Re5 $17 24. Rf1) 19... Ng7 20. Bd4 f6 21. Nf3 e5 $5 $13) (14. e5 $6 Bxf3 $1
15. Rxf3 d5 $15) (14. Nd2 $5 {/\ Nc4-b6} Qe7 15. Qf2 $5 (15. Nc4 d5 $5)) 14...
cxd4 15. Bxd4 Nf6 $5 16. Qe3 $5 Bh6 17. Bb6 (17. Rfd1 $5 Qe7 (17... e5 $6 18.
Bxe5 $16) 18. e5 Nh5 19. exd6 Qxd6 20. Bc5 $14) 1/2-1/2

[Event "NED-ch58"]
[Site "Leeuwarden"]
[Date "2003.06.26"]
[Round "1"]
[White "Tiviakov, Sergei"]
[Black "Janssen, Ruud"]
[Result "1-0"]
[WhiteElo "2623"]
[BlackElo "2483"]
[Annotator "Bangiev,A"]
[PlyCount "129"]
[EventDate "2003.06.26"]
[EventType "tourn"]
[EventRounds "9"]
[EventCountry "NED"]
[EventCategory "11"]
[SourceTitle "CBM 096"]
[Source "ChessBase"]
[SourceDate "2003.09.25"]
[SourceVersion "1"]
[SourceVersionDate "2003.09.25"]
[SourceQuality "1"]

1. e4 c5 2. Nc3 d6 3. f4 g6 4. Nf3 Bg7 5. Bb5+ Bd7 6. a4 Nc6 7. O-O e6 {
Dies stellt ein für derartige Positionen typisches Motiv dar: Schwarz bereitet
Nge7 vor, hält die Kontrolle über das Feld d4 zugleich aufrecht. Dabei wird
das Feld d6 nur ein wenig geschwächt.} 8. Bxc6 $1 {Eine logische Idee. Weiß
möchte die Schwächung des Feldes d6 ausnutzen, d.h. die schwarzen Steine
abtauschen, die die schwarzen Felder verteidigen.} Bxc6 9. d4 $1 Ne7 {[%mdl 8]}
(9... Nf6 {1/2-1/2 Ivanchuk,V-Topalov,V/Dortmund 1997/CBM 60/(51)}) (9... cxd4
10. Nxd4 Qb6 11. Be3 $36 Qxb2 $2 12. Ncb5 $1 {[%csl Rc7,Rd6]} Bxb5 13. Nxb5
Qxa1 14. Qxd6 $18) 10. Be3 b6 11. Bf2 $5 {/\Bh4} O-O 12. Bh4 Qd7 13. Re1 Rfe8
14. Qd3 {Die kritische Eröffnungsstellung. Weiß steht offenbar besser, man
beachte den Raumvorteil, die elastische Figurenaufstellung, die Beherrschung
des Zentrums. Dies alles sollte dazu führen, dass Weiß über eine dauerhafte
Initiative verfügen kann.} Rac8 15. a5 $1 {[%mdl 32] Weiß soll ständig und
konsequent die schwarzen Felder im Lager des Schwarzen schwächen} c4 16. Qe3 b5
17. Bxe7 $1 {Dies soll den Vorstoß e5 ermöglichen.} (17. e5 Nf5) 17... Rxe7 18.
e5 b4 19. Ne4 {Es ist dem Weißen gelungen die schwachen weißen Felder u.a. d4,
e5 in Besitz zu nehmen.} Bxe4 20. Qxe4 Qc6 21. Qxc6 $1 Rxc6 22. exd6 $1 {
[%mdl 48] Dadurch (21. Qc6, 22.ed6) wird der Bauer auf c4 endgültig geschwächt
und zum Angriffsziel für Weiß gemacht.} Rxd6 23. c3 $1 {Dies soll Pc4
blockieren. Der Angriff folgt.} Rb7 24. Ra4 {[%cal Ra4c4]} Rd8 25. Kf2 Rc8 26.
Re2 Bf8 27. Ke3 Bd6 28. g3 Kf8 29. Nd2 {[%cal Rd2c4]} Ke7 30. Re1 a6 $1 {
Dadurch wird Pa5 als Anriffsziel für Schwarz festgelegt.} 31. Rc1 {[%cal Rc1c4]
Es ist interessant zu beobachten, wie Weiß die Bauernschwäche auf c4
methodisch korrekt belagert bzw. angreift. Ein lehrreiches Verfahren!} h6 32.
cxb4 Rxb4 33. Rxb4 Bxb4 34. Nxc4 {Der Bauer auf c4 ist gefallen.} Bxa5 35. Kd3
{Weiß steht nur etwas besser. Die weiße Steine sind beweglicher als die
schwarzen.} Bd8 $6 (35... Rc6 $142) 36. Re1 Rc6 37. d5 $1 Rc5 38. dxe6 fxe6 39.
Ne5 Rd5+ $6 (39... g5 $142) 40. Kc4 g5 41. f5 $1 Rd6 42. Nd3 {/\Nc5} Bb6 43.
Nb4 $16 {Der Bauer a6 soll fallen.} Kf7 (43... a5 $2 44. Nd5+) 44. fxe6+ Rxe6
45. Rxe6 Kxe6 46. Nxa6 $16 Bg1 47. h3 h5 48. b4 g4 49. hxg4 hxg4 50. Nc5+ Kd6
51. Kd3 Bh2 52. Kd4 Kc6 53. Ne4 Kb5 54. Kc3 Bg1 55. Kb3 Bh2 56. Nc3+ Kc6 57.
Ne2 Kb5 58. Kc3 Kb6 59. Kc4 Kc6 60. b5+ Kb6 61. Kb4 Kb7 62. Ka5 Ka7 63. b6+ Kb7
64. Kb5 Kb8 65. Ka6 1-0

[Event "Moscow Petrosian Memorial"]
[Site "Moscow"]
[Date "1995.??.??"]
[Round "5"]
[White "Najer, Evgeniy"]
[Black "Shipov, Sergei"]
[Result "1-0"]
[WhiteElo "2455"]
[BlackElo "2510"]
[Annotator "Bangiev,A"]
[PlyCount "81"]
[EventDate "1995.??.??"]
[EventType "tourn"]
[EventRounds "11"]
[EventCountry "RUS"]
[EventCategory "10"]
[SourceTitle "CBM 046"]
[Source "ChessBase"]
[SourceDate "1995.06.01"]
[SourceVersion "1"]
[SourceVersionDate "1995.06.01"]
[SourceQuality "1"]

1. e4 c5 2. Nc3 Nc6 3. Bb5 g6 4. Bxc6 bxc6 5. d3 Bg7 6. f4 d6 7. Nf3 {Mit
Zugumstellung ist eine Variante des GRAND PRIX Angriffs entstanden.} f5 8. e5
Nh6 9. O-O O-O (9... Be6 $2 10. Ng5 Bd5 11. Nxd5 cxd5 12. Ne6 Qd7 13. Nxg7+ Kf8
14. Nh5 gxh5 15. Qxh5 $16) 10. Qe2 Qc7 (10... Nf7 $6 11. e6 Nh6 12. Bd2 Rf6 13.
Ng5 $16 {|^ /\ (Rae1;Na4,Bc3;Rf3-h3)}) (10... Be6 $6 11. Ng5 $16) 11. Re1 Nf7
12. Na4 $5 {Damit bereitet Weiß den Angriff auf den Punkt c5 mittels Bd2-c3,b3,
Qf2, auf den Punkt e7 mittels Re2,Rae1 vor. Die schwarzfeldrige Schwächen im
schwarzen Lager: a5,b6,e7,d6 sind offensichtlich.} (12. e6 $6 Nd8 $17 {/\ Ne6})
12... Nd8 {/\ Ne6-d4; Be6-d5; c5-c4} 13. b3 Ne6 $5 {Der Springer auf e6 ist
sehr gut postiert (/\ Nd4). Der Nachteil des gewälten Plan besteht darin, daß
Schwarz seinen weißfeldrigen Läufer durch e6 nicht aktivieren kann.} (13... Be6
{/\ Bd5} 14. c4 $5 Re8 15. Bb2 Bf7 (15... Nf7 16. exd6 exd6 17. Bxg7 Kxg7 18.
Qb2+ Kg8 19. Re2 Bd7 (19... Re7 $2 20. Rae1 Rae8 21. Qf6 $16) 20. Rae1 Rxe2 21.
Rxe2 Re8 22. Qd2 Rxe2 23. Qxe2 $14) 16. Ng5 $36 {/\ e6} Be6 (16... Ne6 17. Nxf7
Kxf7 18. Qf2 Rad8 19. Qh4 Kg8 20. Re3 $36) 17. Qf2 $36 {/\ Qh4,Re3,Rae1}) 14.
Qf2 Bd7 (14... Qd8 $5 {/\ Nc7,Be6,Qd7}) 15. Bb2 Rae8 (15... Nxf4 $2 16. exd6
exd6 (16... Qxd6 17. Bxg7 Kxg7 18. Nxc5 $16) 17. Bxg7 Kxg7 18. Re7+ Kg8 (18...
Rf7 19. Rxf7+ Kxf7 20. Ng5+ $18) 19. Ng5 (19. Qh4 Nh5 20. Ng5 $16) 19... Nd5
20. Qh4 h5 21. Ne6 Bxe6 22. Rxc7 Nxc7 23. Qe7 $16) 16. Qh4 Nd4 17. Qf2 (17.
Nxd4 $2 cxd4 18. Bxd4 c5 19. Bb2 Bxa4 20. bxa4 c4 $15) 17... Ne6 18. exd6 {
Weiß hat sich entscheindet seiner Hauptdrohung zu ververklichen.} (18. Qe3 {
/\ Re2,Rae1} Qc8 (18... Nd4 19. Nxd4 cxd4 20. Qxd4 c5 21. Qc4+ $16) 19. Re2 Qc7
20. Rae1 Qc8 21. Bc3 Qc7 22. Qd2 $36 {/\ Ba5}) 18... exd6 19. Bxg7 Kxg7 (19...
Nxg7 20. d4 cxd4 21. Qxd4 $14) 20. Qd2 {-> Pf4} Kg8 (20... Bc8 $5 21. d4 cxd4
22. Nxd4 Nd8 23. Rad1 Bb7 24. Nf3 Nf7 25. Qc3+ Kg8 26. Qf6 $6 c5 $5 $13) 21. d4
{-> Pd6} cxd4 22. Nxd4 Ng7 {/\ c5} (22... Nd8 23. c4 $14) (22... Nxd4 23. Qxd4
Rxe1+ 24. Rxe1 Re8 25. Rxe8+ Bxe8 26. c4 $14) (22... c5 23. Nxe6 Bxe6 24. Rad1
$36 {-> Pd6}) 23. Nf3 Nh5 {/\ Nf6-e4} (23... Ne6 $5) 24. Rad1 {-> Pd6} Rxe1+ (
24... Nf6 $2 25. Qxd6) (24... d5 $2 25. Ne5 $16) 25. Rxe1 Re8 (25... Nf6 26.
Nc3 Re8 27. Rxe8+ Bxe8 28. Qd4 $36) 26. Rxe8+ (26. Rd1 d5 27. g3 (27. Ne5 Nxf4
$1 $17) 27... Nf6 28. Ne5 Ne4 $13) 26... Bxe8 27. Qe3 Bf7 28. c4 Nf6 29. h3 c5
30. Nc3 {Weiß steht aktiver und verstärkt den Druck auf den schwarzfeldringen
Schwächen im Lager des Schwarzes (Pd6,><f6,e7).} a6 31. Nd1 Kf8 (31... Qd7 $142
32. Qc3 Nh5) 32. Nf2 Qc6 33. Kh2 Qd7 34. Qc3 Ke7 $6 (34... Nh5 $142 35. Nd3 (
35. g4 Nxf4 36. Qh8+ Bg8 37. Qf6+ Bf7 38. Qh8+ $10) (35. Qh8+ Bg8 36. Ng5 Qe7
$5 $13 (36... Nxf4 37. Qf6+ Ke8 38. Qh8 Kf8 $10)) 35... Kg8) 35. a3 Qc7 $6 36.
g4 fxg4 37. hxg4 d5 38. Ne5 dxc4 (38... d4 39. Qg3 Be6 40. f5 $1 $16) 39. bxc4
Be6 40. Qg3 Kf8 41. f5 1-0

[Event "Elgoibar 13th"]
[Site "Elgoibar"]
[Date "2003.12.05"]
[Round "3.5"]
[White "Conquest, Stuart"]
[Black "Gomez Esteban, Juan Mario"]
[Result "1-0"]
[WhiteElo "2545"]
[BlackElo "2465"]
[Annotator "Bangiev,A"]
[PlyCount "117"]
[EventDate "2003.11.03"]
[EventType "tourn"]
[EventRounds "9"]
[EventCountry "ESP"]
[EventCategory "9"]
[SourceTitle "CBM 099"]
[Source "ChessBase"]
[SourceDate "2004.03.30"]
[SourceVersion "1"]
[SourceVersionDate "2004.03.30"]
[SourceQuality "1"]

1. e4 c5 2. Nc3 d6 3. f4 Nc6 4. Nf3 g6 5. Bc4 Bg7 6. O-O e6 7. d3 Nge7 8. Qe1
O-O 9. Kh1 Na5 $6 {Natürlich möchte Schwarz den gefährlichen Läufer auf c4
beseitigen. Dabei soll man vermeiden die eigenen schwarzen Felder zu schwächen.
Genau dies passiert nun: Schwarz schwächt seine Kontrolle über die schwarzen
Felder, weil er den Springer gegen den Läufer tauschen möchte.} (9... d5 10.
Bb3 Nd4 11. Nxd4 cxd4 12. Ne2 dxe4 13. dxe4 Bd7) 10. Bd2 b6 (10... Nxc4 11.
dxc4 $14 {Siehe 13.dc4}) 11. Rd1 Bb7 12. a3 {/\Ba2} Nxc4 13. dxc4 {[%mdl 32]
Diese Stellung haben beide Parteien offenbar angestrebt. Weiß kontrolliert nun
den größeren Spielraum, verfügt also über Raumvorteil; er ist nun in der Lage
die schwarzen Felder, u.a. Pd6, anzugreifen und dadurch eine schwarzfeldrige
Initiative zu erlangen.  Schwarz soll dagegen bestrebt sein, die weißen Felder,
vor allem Pe4, anzugreifen. Ein typischer Plan stellte hier die Verwirklichen
des Vorstoßes f7-f5 dar, der durch die folgenden Zügen vorbereitet werden
konnte: a6, Qc7, Rae8, h6 gefolgt von f5.} a6 {Dies soll Nb5 verhindern und
Qc7 ermöglichen.} 14. b3 Qc7 15. Qh4 {Weiß ist bestrebt die schwarzen Felder
im schwarzen Raum zu schwächen.} (15. Na4 Bc6 (15... Rae8 16. Bc3 f6) 16. Bc3
Bxa4 17. Bxg7 Kxg7 18. bxa4 Rad8 19. a5 bxa5 20. Qh4 (20. Rd3 f6 21. Qd2 Qc6)
20... h6 21. Rd3 f6 $13) 15... Rad8 (15... Rae8 $5 16. Rde1 (16. Qh3 h6 17. f5
exf5 18. Bxh6 $2 Bxc3 19. Bxf8 Kxf8) 16... h6 17. f5 (17. Na4 b5) 17... exf5
18. Nd5 Nxd5 19. exd5 g5 20. Bxg5 Rxe1 21. Rxe1 hxg5 22. Nxg5 Rd8 23. Qh7+ Kf8
24. Qxf5 Bc8 $13) 16. Rde1 {/\Na4} f6 {Der weiße Druck zeigt Wirkung. Der
Partiezug schwächt die weißen Felder} (16... h6 17. f5 $36) (16... Bc6 17. f5 (
17. Nd1 d5) 17... exf5 18. Nd5 Nxd5 19. exd5 Bd7 20. Bh6 Rfe8 21. Bxg7 Kxg7 22.
Ng5 h6 23. Ne4 $13) 17. Qh3 Qd7 18. Na4 $1 {Ein Raumvorteil ermöglicht
bekanntlich das Spiel auf beiden Flügeln, was Weiß mit Na4 in die Praxis
umsetzt.} Nc8 {Dies verteidigt die schwarzen Felder, schwächt die weißen.} 19.
f5 $1 {Sehr stark und zum richtigen Zeitpunkt gespielt: die schwarze Stellung
weist weißfeldrige Schwächen auf.} exf5 20. exf5 d5 $1 {Schwarz möchte damit
vermeiden, dass ihm einen rückständiger Bauer auf d6 aufgedrängt wurde.} (20...
Rfe8 21. Nc3) 21. cxd5 Bxd5 {/\Bf3} 22. Bf4 (22. Bc1 $5 Bc6 23. Qg3 (23. Re6
Bxa4 24. bxa4 Qxa4 25. fxg6 hxg6) (23. Nh4 g5) 23... Qxf5 24. Nd4) 22... g5 23.
Bc1 Rfe8 24. Nc3 Bc6 25. Re6 $1 {/\Rfe1} Rxe6 26. fxe6 Qe7 27. Bb2 $6 (27. Re1
$5 Nd6 28. Qh5) 27... Nd6 28. Re1 f5 29. Qh5 h6 (29... g4 $5) 30. h3 $2 (30.
Qg6 $5) 30... Qe8 $2 {Offenbar in Zeitnot gespielt.} (30... Ne4 $1) 31. e7 $1
Rc8 32. Qxe8+ Bxe8 33. Re6 $16 Rc6 34. Ne5 Bxe5 35. Rxe5 Kf7 36. Nd5 f4 37. h4
gxh4 38. Nxf4 Nc8 39. Nd5 h3 40. gxh3 Re6 41. Rxe6 (41. Rf5+ $18 {/\Rf8}) 41...
Kxe6 42. Nc7+ Kxe7 43. Nxe8 Kxe8 44. Kg2 Kf7 45. Kf3 Nd6 46. Be5 Nf5 47. Ke4
Ke6 48. c4 b5 49. cxb5 axb5 50. a4 c4 51. a5 cxb3 52. a6 Nd6+ 53. Kd3 Nc8 54.
Bd4 b2 55. Kc2 Kd5 56. a7 Nxa7 57. Bxa7 h5 58. h4 Kc4 59. Kxb2 1-0

[Event "Katrineholm"]
[Site "Katrineholm"]
[Date "1999.05.12"]
[Round "2"]
[White "Lyrberg, Patrik"]
[Black "Gavrikov, Viktor"]
[Result "0-1"]
[WhiteElo "2409"]
[BlackElo "2532"]
[Annotator "Bangiev,A"]
[PlyCount "44"]
[EventDate "1999.05.??"]
[EventType "tourn"]
[EventRounds "9"]
[EventCountry "SWE"]
[EventCategory "12"]
[SourceTitle "CBM 071"]
[Source "ChessBase"]
[SourceDate "1999.08.01"]
[SourceVersion "1"]
[SourceVersionDate "1999.08.01"]
[SourceQuality "1"]

1. e4 c5 2. Nc3 e6 3. g3 d5 4. Bg2 d4 5. Nce2 Nc6 6. d3 e5 7. f4 g6 8. Nf3 Bg7
9. O-O Nge7 10. fxe5 O-O 11. Bg5 (11. h3 Qc7 (11... Nxe5 12. Nxe5 Bxe5 13. Bh6
$36) 12. Bf4 Nxe5 13. Nxe5 Bxe5 14. Qd2 Nc6 $132) 11... Bg4 $1 12. Qd2 Bxf3 $1
13. Rxf3 Nxe5 14. Rff1 Qd6 15. h4 N7c6 16. Bh3 $2 {[%cal Yh3g4] /\Bh6} (16. Bh6
Bxh6 17. Qxh6 Ng4 $15 {[%csl Ye3]}) (16. b3 $142 $11) 16... c4 $1 {[%cal Yc4c3,
Yc4d3]} (16... b5 $6 17. Bh6 Bxh6 18. Qxh6 $132) 17. a3 $2 (17. Rad1 {/\Bh6}
Rfe8 18. Bh6 (18. b3 c3 19. Qc1 $15) 18... Bh8 $132) {[%tqu "De","Der
Nachziehnede soll offenbar sich am Damenflügel aktiv zeigen. Wie?","Die weiße
Bauernstruktur am Damenflügel ist schwach, insbesondere die Bauern b2 und c2.",
"","a7a5","Der beste Zug. Damit wird das Manöver Ta6-b6 mit dem Druck auf den
schwachen Bauern auf b2 vorbereitet.",10]} 17... a5 $1 (17... b5) 18. Rf2 (18.
dxc4 $2 Nxc4 $17) (18. Nf4 $2 h6) 18... Ra6 $1 {[%cal Ya6b6,Yb6b2] Die b-Linie
ist ab das Feld b6 eine offene Linie für Schwarz.} 19. Raf1 $2 Rb6 20. h5 $2 (
20. Rb1 c3 21. Qc1 cxb2 22. Rxb2 Rxb2 23. Qxb2 Rb8 $17) (20. Bf6 Rxb2 $19)
20... Rxb2 $19 21. h6 Bh8 22. Qc1 cxd3 $1 0-1

[Event "Olympiad-32"]
[Site "Yerevan"]
[Date "1996.09.21"]
[Round "6.1"]
[White "Short, Nigel D"]
[Black "Azmaiparashvili, Zurab"]
[Result "1/2-1/2"]
[WhiteElo "2695"]
[BlackElo "2670"]
[Annotator "Belov,I"]
[PlyCount "81"]
[EventDate "1996.09.15"]
[EventType "team-swiss"]
[EventRounds "14"]
[EventCountry "ARM"]
[SourceTitle "CBM 055"]
[Source "ChessBase"]
[SourceDate "1996.12.01"]
[SourceVersion "1"]
[SourceVersionDate "1996.12.01"]
[SourceQuality "1"]
[WhiteTeam "England"]
[BlackTeam "Georgia"]
[WhiteTeamCountry "ENG"]
[BlackTeamCountry "GEO"]

1. e4 c5 2. Nc3 d6 3. f4 Nc6 4. Nf3 Nf6 (4... g6 5. Bc4 (5. Bb5) 5... Bg7 6.
O-O e6 7. d3 Nge7 8. Qe1 Nd4 9. Nxd4 cxd4 10. Ne2 O-O 11. Bb3 Nc6 12. Bd2 d5
13. e5 $14 {Short,N-Gelfand,B/Bruxelles(m/3)/1991/1:0/31/}) 5. Bb5 e6 (5... Bd7
6. e5 $1 (6. O-O e6 7. e5 dxe5 8. fxe5 Nd5 9. Ne4 Be7 10. d3 O-O 11. Bxc6 Bxc6
12. a3 $10 {Kurajica,B-Sigurjonsson,G/Wijk aan Zee/1977/0,5/}) 6... dxe5 7.
fxe5 Ng4 8. Qe2 Nh6 (8... g6 9. d3 Bg7 10. Bf4 O-O (10... Nd4 11. Nxd4 cxd4 12.
Qxg4 dxc3 13. Bxd7+ Qxd7 14. Qxd7+ Kxd7 15. bxc3 $16) 11. h3 Nh6 12. Bxc6 Bxc6
13. g4 $14) 9. Ne4 e6 10. d4 $36 {Hector,J-Jislason,G/Reykjavik op/1996/1:0/73/
}) 6. Bxc6+ bxc6 7. d3 (7. e5 Nd5 (7... dxe5 8. Nxe5 Qc7 9. d3 $14) 8. d3 (8.
exd6 Nxf4 $13) 8... Nxc3 9. bxc3 d5 $10) 7... Nd7 $1 (7... Be7 8. e5 Nd5 9.
exd6 Bxd6 10. g3 $14) 8. O-O Be7 9. Qe1 O-O 10. Kh1 a5 11. b3 Nb6 $1 12. a4 (
12. Bb2 a4 $10) 12... Ra7 13. Bd2 d5 14. Ne2 Nd7 15. c4 (15. Ng3 $5 Ba6 16. c4
$14) 15... Qb6 16. Rb1 f5 $1 $10 17. Ng3 Nf6 18. h3 Bd8 $1 19. Ne5 Re7 20. Rf2
g6 21. Re2 Rfe8 22. Bc3 d4 23. Bd2 Nd7 24. Nf3 (24. Nxd7 Bxd7 $10) 24... Qc7
25. Nf1 e5 (25... Nf6 $5) 26. exf5 (26. fxe5 fxe4 27. Rxe4 Nxe5 28. Nxe5 (28.
Bf4 Nxf3 29. Bxc7 Nxe1 30. Bxd8 Rxe4 31. dxe4 Rxe4 32. Bxa5 Nc2 $10) 28... Rxe5
$10) 26... exf4 27. Rxe7 Rxe7 28. Qc1 Re3 $8 (28... gxf5 29. Bxf4 Qb7 30. Bg5
Re8 31. Bxd8 Rxd8 32. Qg5+ $18) 29. fxg6 hxg6 30. Bxe3 fxe3 $44 31. Qe1 Kg7 32.
g4 Nf8 33. Ng3 Qf4 34. Kg2 Bc7 35. Ne2 Qd6 36. Qh4 (36. Qg3 Qe7 37. Qh4 Qd6 38.
Ng3 Ne6 $132) 36... Ne6 37. Rf1 Bd7 (37... Nf4+ 38. Nxf4 Qxf4 39. Qe7+ Kg8 40.
Qe8+ Kg7 41. Qxc8 Qg3+ 42. Kh1 Qxh3+ 43. Kg1 Qg3+ 44. Kh1 e2 45. Qd7+ Kh6 46.
g5+ Kh5 47. Qh7+ Kg4 48. Qd7+ $10) 38. Rh1 Qf8 (38... Nf4+ 39. Nxf4 Qxf4 40.
Qe7+ $2 (40. Re1 $10) 40... Kg8 41. Qxd7 Qg3+ 42. Kf1 Qxf3+ 43. Kg1 Qf2#) 39.
Rf1 Qd6 40. Rh1 Qf8 41. Rf1 1/2-1/2